Climate-resilient technology to adapt to climate change for sustainable livelihood and production (Record no. 75078)

MARC details
000 -LEADER
fixed length control field 00633nam a22002177a 4500
100 ## - MAIN ENTRY--AUTHOR NAME
Personal name Srinivasa Reddy, D
245 ## - TITLE STATEMENT
Title Climate-resilient technology to adapt to climate change for sustainable livelihood and production
260 ## - PUBLICATION, DISTRIBUTION, ETC. (IMPRINT)
Name of publisher Mysore Journal of Agricultural Sciences, 57(2): 2023. 294-300.
300 ## - PHYSICAL DESCRIPTION
Other physical details April-June
650 ## - SUBJECT ADDED ENTRY--TOPICAL TERM
Topical Term Climate change
650 ## - SUBJECT ADDED ENTRY--TOPICAL TERM
Topical Term Climate resilient
650 ## - SUBJECT ADDED ENTRY--TOPICAL TERM
Topical Term Climate vulnerable
650 ## - SUBJECT ADDED ENTRY--TOPICAL TERM
Topical Term Intercropping system
700 ## - ADDED ENTRY--PERSONAL NAME
Personal name Savitha, M.S.
700 ## - ADDED ENTRY--PERSONAL NAME
Personal name Ramesh, P.R
700 ## - ADDED ENTRY--PERSONAL NAME
Personal name Bhandi, N.H
700 ## - ADDED ENTRY--PERSONAL NAME
Personal name Teggelli, R.G
700 ## - ADDED ENTRY--PERSONAL NAME
Personal name Viswanath
700 ## - ADDED ENTRY--PERSONAL NAME
Personal name Ravi, S.
942 ## - ADDED ENTRY ELEMENTS (KOHA)
Koha item type Journals
Holdings
Withdrawn status Lost status Damaged status Not for loan Home library Current library Date acquired Koha item type
        RRII Library RRII Library 26/09/2023 Journals